000 00592nam a2200205Ia 4500
005 20210427124303.0
008 131103s9999 xx 000 0 und d
020 _a8170998689
_cRs 395
040 _aLoreto College
041 _aEnglish
082 _a954.04
_bMUJ
100 _aMujtaba, Syed Ali
245 4 _aThe demand for partition of India
_bAnd the British Policy
_cSyed Ali Mujtaba
260 _aNew Delhi
_bMittal Publications
_c2002
300 _a189p
504 _aIncludes bibliography and index
650 _aHistory - India - 20th century
850 _aLCLIB
942 _cBK
999 _c5823
_d56302